| 000 | 01096nam a2200313 a 4500 | ||
|---|---|---|---|
| 003 | DO-SdBNP | ||
| 005 | 20260206104111.0 | ||
| 007 | ta | ||
| 008 | 210715e2021 dr a|||gr|||| 001 0dspa d | ||
| 020 | _a9789945628180 | ||
| 040 |
_aDO-SdBNP _bspa _cBENPH |
||
| 041 | _hspa | ||
| 082 | 4 |
_222 _bP644á |
|
| 100 | 1 |
_aPimentel, Carmen _d1964 - _979234 |
|
| 245 | 1 | 0 |
_aÁmate !no te quedes¡: _blibérate de las cadenas del maltrato / _cCarmen Pimentel; Prólogo, Bienvenida González Gómez. |
| 260 |
_asanto Domingo : _bEditorial Bien- etre, _c2021 |
||
| 300 |
_a96 p. : _bil. ; _c21 cm. |
||
| 500 | _aIncluye biografía del autor en la solapa de la cubierta. | ||
| 504 | _aWebgrafía: p. 91-92 | ||
| 504 | _aReferencias, p. 89 - 92 | ||
| 590 | _aInventariado 2021 / MF | ||
| 650 | 4 |
_917232 _aVolencia Familiar _zRepública Dominicana |
|
| 650 | 0 |
_aNo-violencia _940309 |
|
| 650 | 4 |
_935322 _aConsejería en Salud Mental |
|
| 650 | 0 |
_aVIOLENCIA CONTRA LA MUJER _zRepública Dominicana _938242 |
|
| 700 | 1 | 2 |
_aGonzález Gómez, Bienvenida, _epról. _979998 |
| 910 | _aMFeliz | ||
| 942 |
_2ddc _cLBS1 |
||
| 999 |
_c50109 _d50109 |
||